Blood will out (Record no. 35286)
[ view plain ]
| 000 -LEADER | |
|---|---|
| fixed length control field | 01468nam a2200349Ia 4500 |
| 082 04 - DEWEY DECIMAL CLASSIFICATION NUMBER | |
| Classification number | 306.4 |
| 245 00 - TITLE STATEMENT | |
| Title | Blood will out |
| 260 ## - PUBLICATION, DISTRIBUTION, ETC. (IMPRINT) | |
| Place of publication | Chichester, West Sussex, United Kingdom : |
| Name of publisher | John Wiley & Sons Inc., |
| Year of publication | 2013. |
| 300 ## - PHYSICAL DESCRIPTION | |
| Number of Pages | viii, 187 p. |
| 500 ## - GENERAL NOTE | |
| General note | "Originally published as volume 19, special Issue May 2013 of The Journal of the Royal Anthropological Institute". |
| 650 #0 - SUBJECT ADDED ENTRY--TOPICAL TERM | |
| Topical Term | Blood |
| Topical Term | Blood |
| Topical Term | Blood |
| 700 1# - ADDED ENTRY--PERSONAL NAME | |
| Personal name | Carsten, Janet. |
| 856 40 - ELECTRONIC LOCATION AND ACCESS | |
| Uniform Resource Identifier | http://site.ebrary.com/lib/rucke/Doc?id=10740156 |
No items available.
